02325njm a2200385Ia 450000100060000000300090000600500170001500800410003204000130007304000130008604100130009910000160011210000180012810000380014624500100018425000110019426000110020526000710021630000100028730000290029750001280032650504310045465000570088570000780094270000600102070001410108070001240122170000530134570000710139870001620146970000980163170000620172970000580179170000900184927385IT-RoPAU20220918181110.0131025s9999 xx 000 0 und d aIT-RoPAU cIT-RoPAU aITALIANO aZero Renato eAutore musica gCodice autore musica SPICS: 11202 aIcaro a1a ed. aITALIA bRCA - ZEROMANIA MUSICc1981 [1a Ed.:1981 - Ed. Lingua Orig.: 1981] aDISCO c89 minuti (Testo: pag.) aCanzone italiana. Cantautore. Registrato in diretta da Zerolandia a Roma e a Torino dal 22 dicembre 1980 al 18 gennaio 1981 aNiente trucco stasera (7:00) - Vivo (4:00) - Sesso o esse (5:00) - Qualcuno mi renda l'anima (4:00) - Chi più chi meno (6:00) - Morire qui (3:00) - Profumi balocchi e maritozzi (5:00) - Un uomo da bruciare (5:00) - Inventi (3:00) - Triangolo (9:00) - Manichini (4:00) - Potrebbe essere Dio (6:00) - Non sparare (5:00) - Madame (5:00) - Il cielo (4:00) - Amico (6:00) - Fortuna (6:00) - Il carrozzone (6:00) - Più su (7:00) aCANZONE ITALIAN [DISCHI]eCodice MATERIA SPICS: 9950 aZero RenatoeAutore testo/musicagCodice autore testo/musica SPICS: 11202 aZero RenatogCodice interprete SPICS: 11202eInterprete aEvangelistigCodice autore musica SPICS: 24576eAutore musicapNiente trucco stasera - Vivo - Chi più chi meno - Amico - Il carrozzone aConrado R.gCodice autore SPICS: 27437eAutorepNiente trucco stasera - Qualcuno mi renda l'anima - Potrebbe essere Dio aWrightgCodice autore SPICS: 21796eAutorepVivo aZarrillo MichelegCodice autore SPICS: 18821eAutorepSesso o esse aPintuccigCodice autore SPICS: 24663eAutorepProfumi balocchi e maritozzi - Un uomo da bruciare - Manichini - Non sparare - Madame - Fortuna - Il carrozzone aMogol (Rapetti Giulio)gCodice autore musica SPICS: 13643eAutore musicapUn uomo da bruciare aFilistrucchigCodice autore SPICS: 27651eAutorepInventi aCavirigCodice autore SPICS: 28274eAutorepTriangolo aBaldan Bembo DariogCodice autore musica SPICS: 9846eAutore musicapAmico - Più su